| 000 | 01022nam a22002657a 4500 | ||
|---|---|---|---|
| 005 | 20130913114343.0 | ||
| 010 | _aENG-107773 | ||
| 020 |
_a9789381523506 _c1495.00 |
||
| 035 | _aEN-91306 | ||
| 037 | _bDBAD/PUB | ||
| 082 | _a230.31 | ||
| 245 |
_aGitagovinda and Odisha / _cedited by Dinanath Pathy [and] Bijaya Kumar Rath |
||
| 260 |
_aNew Delhi _bNiyogi Books _c2012 |
||
| 270 |
_aD-78, Okhla Industrial Area, Phase-I _bNew Delhi _e110020 |
||
| 300 |
_a295p. : _c27cm(Hb) _b col. ill., col. maps ; |
||
| 500 | _aIncludes bibliographical references (p. [286]-290) and index. | ||
| 500 | _a Includes English translation of Gītagovinda translated by Mahamedhanandanatha Saraswati. | ||
| 600 |
_a Jayadeva, _dactive 12th century |
||
| 650 |
_a Love poetry, Sanskrit _zIndia _zOrissa. |
||
| 650 | _a Krishna (Hindu deity) in the performing arts. | ||
| 650 | _aKrishna (Hindu deity) in literature. | ||
| 700 | _aPathy, Dinanath | ||
| 700 | _aRath, Bijaya Kumar | ||
| 942 |
_2ddc _cEN _mGIT _h230.31 |
||
| 999 |
_c77008 _d77008 |
||